LEADER 02327nam0 22004933i 450 001 VAN00290901 005 20260324014642.386 017 70$2N$a9783540480990 100 $a20250407d1993 |0itac50 ba 101 $aeng 102 $aDE 105 $a|||| ||||| 181 $ai$b e 182 $ab 183 $acr 200 1 $aTopological methods for variational problems with symmetries$fThomas Bartsch 210 $aBerlin [etc.]$cSpringer$d1993 215 $aX, 152 p.$d24 cm 461 1$1001VAN00102250$12001 $aLecture notes in mathematics$1210 $aBerlin [etc.]$cSpringer$v1560 500 1$3VAN00303865$aTopological methods for variational problems with symmetries$978641 606 $a34Cxx$xQualitative theory for ordinary differential equation [MSC 2020]$3VANC020690$2MF 606 $a35J20$xVariational methods for second-order elliptic equations [MSC 2020]$3VANC029094$2MF 606 $a55M30$xLyusternik-Shnirel'man category of a space, topological complexity à la Farber, topological robotics (topological aspects) [MSC 2020]$3VANC022685$2MF 606 $a55P91$xEquivariant homotopy theory in algebraic topology [MSC 2020]$3VANC022686$2MF 606 $a58Exx$xVariational problems in infinite-dimensional spaces [MSC 2020]$3VANC022687$2MF 610 $aAlgebraic Topology$9KW:K 610 $aBifurcation theory$9KW:K 610 $aCritical point theory$9KW:K 610 $aDynamical systems$9KW:K 610 $aEquivariant topology$9KW:K 610 $aMinimum$9KW:K 610 $aVariational problems$9KW:K 620 $dBerlin$3VANL000066 700 1$aBartsch$bThomas$3VANV041079$060120 712 $aSpringer $3VANV108073$4650 790 1$aBartsch, T.$zBartsch, Thomas$3VANV260340 801 $aIT$bSOL$c20260327$gRICA 856 4 $uhttps://doi.org/10.1007/BFb0073859$zE-book ? Accesso al full-text attraverso riconoscimento IP di Ateneo, proxy e/o Shibboleth 899 $aBIBLIOTECA DEL DIPARTIMENTO DI MATEMATICA E FISICA$1IT-CE0120$2VAN08 912 $fN 912 $aVAN00290901 950 $aBIBLIOTECA DEL DIPARTIMENTO DI MATEMATICA E FISICA$d08DLOAD e-Book 11359 $e08eMF11359 20250611 996 $aTopological methods for variational problems with symmetries$978641 997 $aUNICAMPANIA